Visualizzazione normale
Vista MARC
- Ateísmo
di Topical Term
Records bibliografici associati: 1
001 - CONTROL NUMBER
- control field: 2906
003 - CONTROL NUMBER IDENTIFIER
- control field: IT-RoINE
005 - DATE AND TIME OF LATEST TRANSACTION
- control field: 20140123133649.0
008 - FIXED-LENGTH DATA ELEMENTS
- fixed length control field: 140114|| aca||aabn | a|a d
040 ## - CATALOGING SOURCE
- Original cataloging agency: IT-RoINE
- Transcribing agency: IT-RoINE
150 ## - HEADING--TOPICAL TERM
- Topical term or geographic name as entry element: Ateísmo
- Form subdivision: Discursos, ensayos, conferencias
670 ## - SOURCE DATA FOUND
- Source citation: Work cat.: (IT-RoINE)0: Religione, ateismo e filosofia :, 1980.